| 000 | 01220nam a22003377a 4500 | ||
|---|---|---|---|
| 999 |
_c14766 _d14766 |
||
| 003 | EG-ScBUE | ||
| 005 | 20191214111305.0 | ||
| 006 | m||||fq||h 00| 0 | ||
| 008 | 101013r20082004enka f 000 0 eng d | ||
| 020 | _a9780521754606 (Resource Book) | ||
| 040 |
_aEG-ScBUE _beng _erda _cEG-ScBUE _dEG-ScBUE |
||
| 082 | 0 | 4 |
_a428.34071 _bCRA _222 |
| 100 | 1 |
_aCraven, Miles, _eauthor. _920363 |
|
| 245 | 1 | 0 |
_aListening extra : _ba resource book of multi-level skills activities / _cMiles Craven. |
| 250 | _aSeventh printing. | ||
| 264 | 1 |
_aCambridge, UK : _bCambridge University Press, _c2008. |
|
| 300 |
_a136 pages : _billustrations ; _c28 cm + _e1 audio CD. |
||
| 336 |
_2rdacontent _atext _btxt |
||
| 336 |
_2rdacontent _asounds _bsnd |
||
| 337 |
_2rdamedia _aunmediated _bn |
||
| 337 |
_2rdamedia _aaudio _bs |
||
| 338 |
_2rdacarrier _avolume _bnc |
||
| 338 |
_2rdacarrier _acomputer disc _bcd |
||
| 490 | 0 | _aCambridge copy collection | |
| 590 | _aamira yasser | ||
| 650 | 7 |
_aEnglish language _xStudy and teaching _xForeign speakers. _2BUEsh _910860 |
|
| 650 | 7 |
_910347 _aEnglish language _xSpoken English _vProblems, exercises, etc. _2BUEsh |
|
| 653 |
_bHHUUEENN _cDecember2019 |
||
| 655 | _vReading book | ||
| 942 |
_2ddc _cBB |
||